| 000 | 00887nam a2200229 a 4500 | ||
|---|---|---|---|
| 001 | BRCA_8213 | ||
| 005 | 20190320210159.0 | ||
| 008 | 160514d1911----mx-####f##---#000-0#spa-# | ||
| 041 | _aspa | ||
| 044 | _amx | ||
| 050 | 4 |
_aHJ15 _b.M46 _c1911 |
|
| 245 | 1 | 0 |
_aMemoria de la Secretaría de Hacienda y Crédito Público correspondiente al año económico del 1º de julio de 1910 a 30 de junio de 1911 _bpresentada por el Secretario de Hacienda al Congreso de la Unión. |
| 260 |
_aMéxico _bPalacio Nacional _c1912 |
||
| 300 |
_a2 v. _bTablas _c30 cm. |
||
| 500 | _aDos volúmenes inventariados como un sólo libro por el Banco de México | ||
| 500 | _aU120 | ||
| 650 | 1 | 4 |
_aFinanzas públicas _vMemoria _zMéxico _920474 |
| 651 | 4 |
_aMéxico _xPolítica económica _910395 |
|
| 710 | 2 |
_aPalacio Nacional de Gobierno (Ciudad de México) _f1910-1911 _920475 |
|
| 902 | _aGFM | ||
| 942 |
_2lcc _cB |
||
| 999 |
_c7881 _d7881 |
||